Noticia histórica y arqueológica de la antigua ciudad de Emporion / per Joaquim Botet i Sisó ; notes introductòries per Joaquin Nadal i Farreras, Eduard Ripoll i Perelló, Enric Sanmartí i Grego
MARC
| LEADER | 00000nam a2200000Ia 4500 | ||
|---|---|---|---|
| 001 | 2059 | ||
| 008 | 160829s1979 xx 000 0 cat d | ||
| 020 | |a 84-600-1593-9 | ||
| 080 | |a H-1-107 | ||
| 100 | |a Botet i Sisó, Joaquim |9 36026 | ||
| 245 | |a Noticia histórica y arqueológica de la antigua ciudad de Emporion / per Joaquim Botet i Sisó ; notes introductòries per Joaquin Nadal i Farreras, Eduard Ripoll i Perelló, Enric Sanmartí i Grego | ||
| 260 | |a Barcelona : |b Diputacions de Barcelona i Girona. Patronat de les Excavacions i Museu d'Empúries, |c 1979 | ||
| 300 | |a [14], 145 p., [12] f. de làm., 1 map. pleg. ; |c 24 cm | ||
| 590 | |a Facsímil de: Madrid : Imprenta de Alejandro Gómez Fuentenebro, 1879 | ||
| 651 | 0 | |a Empúries (Ciutat antiga) |9 54667 | |
| 651 | 0 | |a Empúries (Ciutat antiga) |x Història |9 55526 | |
| 700 | 1 | |a Nadal i Farreras, Joaquim, |d 1948- |9 1960 | |
| 700 | 1 | |a Ripoll i Perelló, Eduard, |d 1923-2006 |9 20913 | |
| 700 | |a Sanmartí i Grego, Enric I |9 36028 | ||
| 700 | |a Girona. Diputació | ||
| 710 | 1 | |a Barcelona (Catalunya : Província). |b Diputació |9 52408 | |
| 901 | |a Arxiu | ||
| 942 | |n 1 | ||
| 952 | |0 0 |1 0 |4 0 |6 H1107 |7 1 |9 47155 |a Arxiu |b Arxiu |d 2016-12-01 |l 0 |o H-1-107 |p 2059 |r 2016-12-01 00:00:00 |w 2016-12-01 |y ARXIU | ||
| 999 | |c 50952 |d 50952 | ||